| 000 | 00777nam a2200229 a 4500 | ||
|---|---|---|---|
| 005 | 20091212102353.0 | ||
| 008 | 060711r20081994mnua j 000 1 eng | ||
| 020 |
_a9780064421744 _c158.00 |
||
| 037 | _bBlueberry Books | ||
| 040 |
_adpl _bEnglish |
||
| 082 | _aS | ||
| 100 | _aBrown, Jeff | ||
| 245 |
_aStanley in space / _cby Jeff Brown ; pictures by Macky Pamintuan |
||
| 260 |
_aNew York _bHarper Collines Publishers _c2010 |
||
| 270 |
_a53rd Street _bNew York _e10022 |
||
| 300 |
_a105, 7p. : _c19cm(pbk) _bill. |
||
| 490 | _aFlat Stanley | ||
| 700 | _aPamintuan,Macky | ||
| 942 |
_2ddc _cCH _hS _mBRO |
||
| 999 |
_c32597 _d32597 |
||